LEADER 01326cam0-22004691i-450- 001 990001486560403321 005 20050203131930.0 010 $a0-444-50078-2 035 $a000148656 035 $aFED01000148656 035 $a(Aleph)000148656FED01 035 $a000148656 100 $a20011013d2001----km-y0itay50------ba 101 0 $aeng 102 $aNL 105 $aa---a---101yy 200 1 $aAdvances in reliability$fedited by N. Balakrishnan, C.R. Rao 210 $aAmsterdam$cElsevier$d2001 215 $axvii, 860 p.$d25 cm 225 1 $aHandbook of statistics$v20 610 0 $aStatistica$aCongressi 610 0 $aAffidabilità$aCongressi 610 0 $aManuali generali di consultazione 610 0 $aControllo del prodotto$aControllo di qualità 676 $a620.004$v21 676 $a658.562$v19 676 $a519.2 702 1$aBalakrishnan,$bNarayanaswamy$f<1956- > 702 1$aRao,$bCalyampudi Radhakrishna$f<1920- > 801 0$aIT$bUNINA$gRICA$2UNIMARC 901 $aBK 912 $a990001486560403321 952 $aVI E 236 (20)$b37605$fFSPBC 952 $aXXIX-B-34$b8550$fMAS 952 $aC-14-(20$b18491$fMA1 959 $aMA1 959 $aFSPBC 959 $aMAS 962 $a60N05 962 $a62-06 996 $aAdvances in reliability$9378032 997 $aUNINA LEADER 01001nam0-22003491i-450- 001 990003790600403321 005 20040219094516.0 010 $a0-521-44104-8 035 $a000379060 035 $aFED01000379060 035 $a(Aleph)000379060FED01 035 $a000379060 100 $a20030910d--------km-y0itay50------ba 101 0 $aeng 105 $ay-------001yy 200 1 $aCognition and communication at work$fedited by Yrjo Engestrom, David Middleton 205 $a1. ed. 210 $aCambridge$cCambridge University Press$d1996 215 $aix, 346 p.$cfig., tav.$d23 cm 610 0 $aOrganizzazioni$aGestione$aComunicazione 610 0 $aComunicazione 676 $a658.45 676 $a302.2 702 1$aEngeström,$bYrjö 702 1$aMiddleton,$bDavid 801 0$aIT$bUNINA$gRICA$2UNIMARC 901 $aBK 912 $a990003790600403321 952 $a658.45 ENG 1$b5894$fBFS 959 $aBFS 996 $aCognition and communication at work$9506235 997 $aUNINA